[Event "Groningen op 59th"]
[Site "Groningen"]
[Date "2023.12.30"]
[Round "9"]
[White "Labruyere, Roger"]
[Black "Van Helvoort, Rob AM"]
[Result "0-1"]
[WhiteElo "2208"]
[BlackElo "2098"]
[PlyCount "106"]
[EventDate "2023.12.21"]
[EventType "swiss"]
[EventRounds "9"]
[EventCountry "NED"]
[SourceTitle "CB04_2024"]
[SourceDate "2023.10.16"]
[SourceVersion "1"]
[SourceVersionDate "2023.10.16"]
[SourceQuality "1"]

1. d4 e6 2. c4 b6 3. e4 Bb4+ 4. Bd2 Bxd2+ 5. Qxd2 d5 6. Bd3 Nc6 7. Nf3 Bb7 8. Nc3 dxe4 9. Bxe4 Nf6 10. Bc2 0-0 11. 0-0 Na5 12. Ne5 c5 13. Ne2 Qc7 14. Rac1 cxd4 15. Qxd4 Nc6 16. Nxc6 Qxc6 17. f3 Rad8 18. Qe3 h6 19. b3 Ng4 20. Qc3 Qc5+ 21. Kh1 Nf2+ 22. Rxf2 Qxf2 23. Qb2 Qe3 24. Ng3 Rd7 25. Nf1 Qf4 26. Bb1 g6 27. Re1 Rfd8 28. Qc2 Qf6 29. a3 Rd4 30. h3 e5 31. Qe2 Qd6 32. Bc2 Re8 33. Qe3 Kg7 34. Qc3 f6 35. Ng3 Qd7 36. Kh2 h5 37. Kh1 h4 38. Nf1 Qd6 39. Ne3 Qd7 40. Ng4 Rd2 41. Qe3 g5 42. Be4 Rd1 43. Rxd1 Qxd1+ 44. Kh2 Qd7 45. Bxb7 Qxb7 46. Nf2 Rd8 47. Ne4 Qe7 48. b4 f5 49. Nc3 e4 50. Kh1 Rd3 51. Qe1 Qe5 52. Qc1 e3 53. Ne2 Rd2 0-1

[Event "Groningen op 59th"]
[Site "Groningen"]
[Date "2023.12.29"]
[Round "8"]
[White "Ritzerveld, Noah"]
[Black "Labruyere, Roger"]
[Result "0-1"]
[WhiteElo "1997"]
[BlackElo "2208"]
[PlyCount "76"]
[EventDate "2023.12.21"]
[EventType "swiss"]
[EventRounds "9"]
[EventCountry "NED"]
[SourceTitle "CB04_2024"]
[SourceDate "2023.10.16"]
[SourceVersion "1"]
[SourceVersionDate "2023.10.16"]
[SourceQuality "1"]

1. e4 c5 2. Nf3 d6 3. d4 cxd4 4. Nxd4 Nf6 5. Nc3 a6 6. h3 e6 7. g4 h6 8. Bg2 Be7 9. Be3 Bd7 10. 0-0 0-0 11. f4 Nc6 12. Qd2 Nxd4 13. Qxd4 Bc6 14. Rad1 Qa5 15. Qd2 Qc7 16. Qf2 b5 17. a3 Qb7 18. Qf3 a5 19. g5 hxg5 20. fxg5 Nd7 21. Qh5 Ne5 22. Bd4 b4 23. Rf4 Ng6 24. Bxg7 Kxg7 25. Qh6+ Kg8 26. Rf6 Be8 27. Ne2 Qb6+ 28. Rd4 Qc5 29. e5 Qxe5 30. Re4 Qxb2 31. c3 d5 32. Rexe6 Qb1+ 33. Rf1 Qxf1+ 34. Bxf1 fxe6 35. Nd4 bxa3 36. Nxe6 Bc5+ 37. Kg2 Ra7 38. Nxf8 Bxf8 0-1

[Event "Groningen op 59th"]
[Site "Groningen"]
[Date "2023.12.28"]
[Round "7"]
[White "Labruyere, Roger"]
[Black "Boeren, Jurriaan"]
[Result "1/2-1/2"]
[WhiteElo "2208"]
[BlackElo "2102"]
[PlyCount "157"]
[EventDate "2023.12.21"]
[EventType "swiss"]
[EventRounds "9"]
[EventCountry "NED"]
[SourceTitle "CB04_2024"]
[SourceDate "2023.10.16"]
[SourceVersion "1"]
[SourceVersionDate "2023.10.16"]
[SourceQuality "1"]

1. d4 Nf6 2. c4 e6 3. Nc3 d5 4. Nf3 a6 5. cxd5 exd5 6. Bg5 Be6 7. e3 Nbd7 8. Bd3 Bd6 9. 0-0 c6 10. Ne2 h6 11. Bf4 Qc7 12. b4 0-0 13. a4 Bg4 14. Qc2 Nh5 15. Bxd6 Qxd6 16. Nd2 Bxe2 17. Bxe2 Nhf6 18. Rab1 Rfe8 19. Rfc1 g6 20. b5 cxb5 21. axb5 a5 22. Qa2 Rec8 23. Rxc8+ Rxc8 24. Qxa5 Rc2 25. Bd3 Rc8 26. h3 Kg7 27. Nb3 b6 28. Qa1 h5 29. Rc1 Rxc1+ 30. Qxc1 Qb4 31. Nd2 Qa5 32. Nf3 Qb4 33. Qc6 Qa3 34. Bf1 Qb2 35. Ne1 Qa1 36. Nd3 Ne4 37. Qc2 Ndf6 38. Nb2 Qe1 39. Qe2 Qa1 40. Nd3 Qb1 41. Qb2 Qd1 42. Qc1 Qb3 43. Qc7 Qxb5 44. Ne5 Qe8 45. Qxb6 Qc8 46. Qa7 Qe6 47. Bd3 Kg8 48. Qb8+ Kg7 49. Qb7 Kg8 50. Bb1 g5 51. f3 Nd6 52. Qc7 Nfe8 53. Qc2 Nf6 54. Qd2 g4 55. hxg4 hxg4 56. Qf2 gxf3 57. Qg3+ Kf8 58. gxf3 Nf5 59. Qf4 Ne7 60. Bd3 Nc6 61. Bf5 Qe8 62. Qh6+ Ke7 63. Bd7 Qg8+ 64. Bg4 Nxe5 65. dxe5 Ne4 66. Qc6 Qg5 67. Qd7+ Kf8 68. fxe4 Qxe3+ 69. Kh2 Qf4+ 70. Kh3 Qe3+ 71. Kh4 Qh6+ 72. Bh5 Qf4+ 73. Qg4 Qxe5 74. exd5 Qxd5 75. Qg5 Qxg5+ 76. Kxg5 f6+ 77. Kf5 Kg7 78. Bg6 Kh8 79. Kxf6 1/2-1/2

[Event "Groningen op 59th"]
[Site "Groningen"]
[Date "2023.12.26"]
[Round "5"]
[White "Labruyere, Roger"]
[Black "Boer, Alef"]
[Result "1/2-1/2"]
[WhiteElo "2208"]
[BlackElo "2017"]
[PlyCount "85"]
[EventDate "2023.12.21"]
[EventType "swiss"]
[EventRounds "9"]
[EventCountry "NED"]
[SourceTitle "CB04_2024"]
[SourceDate "2023.10.16"]
[SourceVersion "1"]
[SourceVersionDate "2023.10.16"]
[SourceQuality "1"]

1. e4 e5 2. Bc4 Nf6 3. d3 Bc5 4. Nf3 d6 5. h3 h6 6. c3 0-0 7. 0-0 a6 8. d4 exd4 9. cxd4 Ba7 10. Nc3 Nxe4 11. Nxe4 d5 12. Bd3 dxe4 13. Bxe4 Nd7 14. Bf4 Re8 15. Bc2 c6 16. Qd3 Nf8 17. Rad1 Be6 18. Ne5 Qf6 19. Qg3 Rad8 20. Be3 Bb8 21. f4 Bf5 22. Bb3 Bxe5 23. fxe5 Qg6 24. Qf2 Be6 25. Bc2 Qh5 26. Bc1 Ng6 27. Qe3 Rd7 28. b3 Red8 29. Bb2 Qh4 30. Rd2 c5 31. d5 Rxd5 32. Rxd5 Rxd5 33. Be4 Rd7 34. Bxg6 fxg6 35. Qxc5 Qg3 36. Qf2 Qg5 37. h4 Qg4 38. Ba3 Rd1 39. Rxd1 Qxd1+ 40. Kh2 Qg4 41. Bc1 Bd5 42. Be3 Kh7 43. Qg3 1/2-1/2

[Event "Groningen op 59th"]
[Site "Groningen"]
[Date "2023.12.24"]
[Round "4"]
[White "Kollen, Zyon"]
[Black "Labruyere, Roger"]
[Result "1-0"]
[WhiteElo "2318"]
[BlackElo "2208"]
[PlyCount "89"]
[EventDate "2023.12.21"]
[EventType "swiss"]
[EventRounds "9"]
[EventCountry "NED"]
[SourceTitle "CB04_2024"]
[SourceDate "2023.10.16"]
[SourceVersion "1"]
[SourceVersionDate "2023.10.16"]
[SourceQuality "1"]

1. e4 c5 2. Nf3 d6 3. d4 cxd4 4. Nxd4 Nf6 5. Nc3 a6 6. Be3 e5 7. Nb3 Be6 8. f3 h5 9. Qd2 Be7 10. Be2 Nbd7 11. a4 Rc8 12. 0-0 0-0 13. Rfd1 Qc7 14. Rac1 Nb6 15. a5 Nc4 16. Bxc4 Qxc4 17. Nd5 Nxd5 18. exd5 Bf5 19. Na1 Qb5 20. b3 Bd8 21. b4 Rc4 22. c3 Bf6 23. Nb3 Qa4 24. Qb2 Rfc8 25. Re1 e4 26. Bd4 exf3 27. Bxf6 Rg4 28. Nd4 Bh7 29. Nxf3 gxf6 30. c4 Kg7 31. Nd2 Qd7 32. Rf1 Rg6 33. Ne4 Qe7 34. Ng3 Rg5 35. Rce1 Re5 36. Nxh5+ Kf8 37. Rxe5 Qxe5 38. Qxe5 fxe5 39. Rc1 Bg6 40. Ng3 f5 41. c5 f4 42. Ne2 Bf7 43. cxd6 Rxc1+ 44. Nxc1 Bxd5 45. Nd3 1-0

[Event "World ol U16"]
[Site "Eindhoven"]
[Date "2023.08.17"]
[Round "8.16"]
[White "Olenik Campa, Rudi"]
[Black "Labruyere, Roger"]
[Result "1/2-1/2"]
[WhiteElo "2298"]
[BlackElo "2207"]
[PlyCount "70"]
[EventDate "2023.08.13"]
[EventType "team-swiss"]
[EventRounds "9"]
[EventCountry "NED"]
[SourceTitle "CBM 215 Extra"]
[Source "ChessBase"]
[SourceDate "2023.09.30"]
[SourceVersion "1"]
[SourceVersionDate "2023.09.30"]
[SourceQuality "1"]
[WhiteTeam "Slovenia"]
[BlackTeam "Netherlands II"]
[WhiteTeamCountry "SLO"]
[BlackTeamCountry "NED"]

1. e4 c6 2. d4 d5 3. Nc3 dxe4 4. Nxe4 Nd7 5. Nf3 Ngf6 6. Nxf6+ Nxf6 7. c3 Bg4 8. h3 Bh5 9. Be2 e6 10. Bf4 Bd6 11. Bxd6 Qxd6 12. Ne5 Bxe2 13. Qxe2 0-0 14. 0-0 c5 15. Rfd1 Rfd8 16. Qb5 Qb6 17. Qxc5 Qxb2 18. Rdb1 Qc2 19. Qc7 Rf8 20. Rc1 Qb2 21. Nc4 Qe2 22. Re1 Rac8 23. Rxe2 Rxc7 24. Nd6 Rxc3 25. Nxb7 Rd3 26. Re3 Rxd4 27. Ra3 Rd7 28. Rb1 Rb8 29. Rxa7 Nd5 30. Rb3 h6 31. Nc5 Rxa7 32. Rxb8+ Kh7 33. Rb7 Ra5 34. Nb3 Rxa2 35. Rxf7 Kg6 1/2-1/2

[Event "Dieren op"]
[Site "Dieren"]
[Date "2023.08.02"]
[Round "8"]
[White "Hendriks, Willy"]
[Black "Labruyere, Roger"]
[Result "1-0"]
[WhiteElo "2420"]
[BlackElo "2191"]
[PlyCount "91"]
[EventDate "2023.07.25"]
[EventType "swiss"]
[EventRounds "9"]
[EventCountry "NED"]
[SourceTitle "CBM 215 Extra"]
[Source "ChessBase"]
[SourceDate "2023.09.30"]
[SourceVersion "1"]
[SourceVersionDate "2023.09.30"]
[SourceQuality "1"]

1. g3 e5 2. d3 d5 3. Nf3 Nd7 4. Bg2 Ngf6 5. 0-0 Be7 6. c4 c6 7. cxd5 cxd5 8. Nc3 0-0 9. Bg5 d4 10. Nb1 h6 11. Bxf6 Bxf6 12. Nbd2 Nb6 13. Ne4 Bd7 14. Nxf6+ Qxf6 15. Nd2 Bc6 16. Bxc6 Qxc6 17. Rc1 Qd7 18. Rc5 Na4 19. Rxe5 Rfe8 20. Nf3 b5 21. Rxe8+ Rxe8 22. Qd2 Qd5 23. a3 Nc5 24. Re1 g5 25. h3 Re6 26. b4 Na4 27. e4 dxe3 28. Rxe3 Rf6 29. Ne5 Qd4 30. Ng4 Rg6 31. Qe2 Nc3 32. Re8+ Kh7 33. Qe7 Qg7 34. Qd7 h5 35. Re7 hxg4 36. Rxf7 gxh3 37. Rxg7+ Rxg7 38. Qxh3+ Kg6 39. Qe6+ Kh7 40. Qf5+ Rg6 41. Kf1 a6 42. Qh3+ Kg7 43. Qd7+ Kh6 44. Qd4 Rc6 45. Qh8+ Kg6 46. Qe8+ 1-0

[Event "Helmond Rapid op"]
[Site "Helmond"]
[Date "2023.06.10"]
[Round "3"]
[White "Labruyere, Roger"]
[Black "Kevlishvili, Robby"]
[Result "0-1"]
[WhiteElo "2155"]
[BlackElo "2539"]
[PlyCount "70"]
[EventDate "2023.06.10"]
[EventType "swiss (rapid)"]
[EventRounds "9"]
[EventCountry "NED"]
[SourceTitle "CBM 214 Extra"]
[Source "ChessBase"]
[SourceDate "2023.07.31"]
[SourceVersion "1"]
[SourceVersionDate "2023.07.31"]
[SourceQuality "1"]

1. e4 c5 2. Nf3 d6 3. Bb5+ Nd7 4. a4 a6 5. Be2 Ngf6 6. Nc3 g6 7. a5 Bg7 8. 0-0 0-0 9. d4 cxd4 10. Nxd4 Nc5 11. f3 Bd7 12. Be3 Rc8 13. Nd5 Nxd5 14. exd5 e5 15. dxe6 Nxe6 16. c3 Re8 17. Re1 Qh4 18. Nxe6 Rxe6 19. Bf2 Qg5 20. Bf1 Rxe1 21. Qxe1 Bb5 22. Bxb5 Qxb5 23. Qd2 Re8 24. Re1 Rxe1+ 25. Bxe1 d5 26. b4 Qc4 27. h4 h5 28. Qe3 d4 29. Qe8+ Kh7 30. cxd4 Bxd4+ 31. Kh2 Bf6 32. Kh3 Kg7 33. Qe3 Kf8 34. Qb6 Be7 35. Qa7 Qe6+ 0-1

[Event "Helmond Rapid op"]
[Site "Helmond"]
[Date "2023.06.10"]
[Round "8"]
[White "Labruyere, Roger"]
[Black "Warmerdam, Max"]
[Result "0-1"]
[WhiteElo "2155"]
[BlackElo "2602"]
[PlyCount "80"]
[EventDate "2023.06.10"]
[EventType "swiss (rapid)"]
[EventRounds "9"]
[EventCountry "NED"]
[SourceTitle "CBM 214 Extra"]
[Source "ChessBase"]
[SourceDate "2023.07.31"]
[SourceVersion "1"]
[SourceVersionDate "2023.07.31"]
[SourceQuality "1"]

1. e4 c5 2. c3 d5 3. exd5 Nf6 4. Bb5+ Nbd7 5. Nf3 Nxd5 6. 0-0 a6 7. Ba4 b5 8. Bc2 Bb7 9. d4 e6 10. Re1 Be7 11. Nbd2 0-0 12. Ne4 h6 13. Qd3 c4 14. Qe2 Qc7 15. Ng3 N5f6 16. Ne5 Nxe5 17. dxe5 Qc6 18. f3 Nd7 19. f4 Nc5 20. Ne4 Rad8 21. Nxc5 Bxc5+ 22. Kh1 Rfe8 23. Qg4 Rd7 24. Be3 Bxe3 25. Rxe3 Qxg2+ 26. Qxg2 Bxg2+ 27. Kxg2 Rd2+ 28. Kg3 Rxc2 29. b4 Rd8 30. a4 Rd3 31. Rxd3 cxd3 32. axb5 axb5 33. Ra8+ Kh7 34. Rc8 d2 35. Rd8 Rxc3+ 36. Kg4 Rc2 37. h4 h5+ 38. Kf3 Kg6 39. Ke2 Rc4 40. Rxd2 Rxf4 0-1

[Event "Groningen Combinatie op"]
[Site "Groningen"]
[Date "2023.05.21"]
[Round "6"]
[White "Hommes, Elmar"]
[Black "Labruyere, Roger"]
[Result "1/2-1/2"]
[WhiteElo "2050"]
[BlackElo "2169"]
[PlyCount "57"]
[EventDate "2023.05.18"]
[EventType "swiss"]
[EventRounds "7"]
[EventCountry "NED"]
[SourceTitle "CBM 214 Extra"]
[Source "ChessBase"]
[SourceDate "2023.07.31"]
[SourceVersion "1"]
[SourceVersionDate "2023.07.31"]
[SourceQuality "1"]

1. d4 Nf6 2. Nf3 c5 3. c4 cxd4 4. Nxd4 Nc6 5. Nc3 a6 6. e4 d6 7. Be2 g6 8. 0-0 Bg7 9. Be3 0-0 10. f3 Bd7 11. Qd2 Rb8 12. Rac1 Ne8 13. b3 Nc7 14. Nxc6 bxc6 15. c5 d5 16. exd5 Bxc3 17. Rxc3 Nxd5 18. Rc4 Nxe3 19. Qxe3 Be6 20. Rh4 h5 21. Rd1 Qa5 22. Rxh5 Rfd8 23. Qe5 Rxd1+ 24. Bxd1 gxh5 25. Qxb8+ Kg7 26. Qe5+ Kg8 27. Qb8+ Kg7 28. Qe5+ Kg8 29. Qb8+ 1/2-1/2

[Event "NED-ch U16"]
[Site "Almelo"]
[Date "2023.04.30"]
[Round "1"]
[White "Ponomarev, Ivan1111"]
[Black "Labruyere, Roger"]
[Result "1-0"]
[WhiteElo "1788"]
[BlackElo "2160"]
[PlyCount "77"]
[EventDate "2023.04.30"]
[EventType "swiss"]
[EventRounds "7"]
[EventCountry "NED"]
[SourceTitle "CBM 214 Extra"]
[Source "ChessBase"]
[SourceDate "2023.07.31"]
[SourceVersion "1"]
[SourceVersionDate "2023.07.31"]
[SourceQuality "1"]

1. c4 e5 2. g3 g6 3. Bg2 Bg7 4. Nc3 d6 5. e3 Nc6 6. Nge2 Nge7 7. 0-0 0-0 8. a3 f5 9. d3 Be6 10. Nd5 Rb8 11. Nec3 a6 12. Rb1 b5 13. cxb5 axb5 14. b4 Nxd5 15. Nxd5 Ne7 16. Nxe7+ Qxe7 17. Qc2 Rfc8 18. Bd2 c5 19. Qb2 e4 20. d4 cxd4 21. exd4 Rc4 22. Be3 Rbc8 23. Rfc1 Qc7 24. Bf1 Rxc1 25. Rxc1 Qb7 26. Rxc8+ Bxc8 27. Qb3+ Kf8 28. a4 bxa4 29. Qxa4 Bd7 30. b5 Ke8 31. Qa5 Bf6 32. b6 Bc8 33. d5 Kf8 34. Bf4 Ke7 35. Bc4 Bd4 36. Be3 Be5 37. Qa4 Qb8 38. Bb5 Kf8 39. Qa7 1-0

[Event "Hoogeveen op 25th"]
[Site "Hoogeveen"]
[Date "2022.10.20"]
[Round "7"]
[White "De Winter, Arthur"]
[Black "Labruyere, Roger"]
[Result "1-0"]
[WhiteElo "2390"]
[BlackElo "2063"]
[PlyCount "129"]
[EventDate "2022.10.15"]
[EventType "swiss"]
[EventRounds "9"]
[EventCountry "NED"]
[SourceTitle "CBM 210 Extra"]
[Source "ChessBase"]
[SourceDate "2022.11.30"]
[SourceVersion "1"]
[SourceVersionDate "2022.11.30"]
[SourceQuality "1"]

1. e4 c5 2. Nf3 d6 3. d4 cxd4 4. Nxd4 Nf6 5. Nc3 a6 6. Bg5 e6 7. f4 h6 8. Bh4 Qb6 9. a3 Nbd7 10. Bf2 Qc7 11. Qf3 b5 12. 0-0-0 Bb7 13. g4 Rc8 14. Qe2 Nc5 15. Bg2 Be7 16. h4 Nfd7 17. g5 Nb6 18. f5 e5 19. f6 gxf6 20. Nf5 Nc4 21. Bh3 Ne6 22. Nd5 Bxd5 23. exd5 Nf4 24. Qg4 Nxh3 25. Rxh3 h5 26. Qe4 fxg5 27. Rc3 gxh4 28. b3 Qa5 29. b4 Qd8 30. Nxe7 Qxe7 31. Bxh4 Qd7 32. Rg1 f5 33. Qe2 Qf7 34. Rcg3 Qxd5 35. Qf2 f4 36. Qa7 Qd2+ 37. Kb1 Nxa3+ 38. Rxa3 Qxc2+ 39. Ka1 Qc7 40. Qxa6 Rb8 41. Qa7 Qxa7 42. Rxa7 Kf8 43. Be7+ Kf7 44. Bxd6+ Ke6 45. Bxb8 Rxb8 46. Kb2 Rd8 47. Kc2 Rc8+ 48. Kd3 Rc4 49. Rh7 Rxb4 50. Rxh5 Rd4+ 51. Ke2 Re4+ 52. Kf2 b4 53. Rh8 Rc4 54. Rb8 Rc2+ 55. Kf3 Rb2 56. Re1 Rb3+ 57. Ke4 Rc3 58. Rb6+ Kd7 59. Rxb4 Rc5 60. Rbb1 Ke6 61. Rec1 Ra5 62. Rc6+ Kd7 63. Rcb6 Ra8 64. Kxe5 f3 65. Rf1 1-0

[Event "Bruges op-A"]
[Site "Bruges"]
[Date "2022.08.16"]
[Round "6"]
[White "Hagner, Bennet"]
[Black "Labruyere, Roger"]
[Result "1-0"]
[WhiteElo "2224"]
[BlackElo "2076"]
[PlyCount "83"]
[EventDate "2022.08.13"]
[EventType "swiss"]
[EventRounds "9"]
[EventCountry "BEL"]
[SourceTitle "CBM 209 Extra"]
[Source "ChessBase"]
[SourceDate "2022.09.30"]
[SourceVersion "1"]
[SourceVersionDate "2022.09.30"]
[SourceQuality "1"]

1. e4 c5 2. Nf3 e6 3. d4 cxd4 4. Nxd4 Nf6 5. Nc3 d6 6. g4 h6 7. Be3 Nc6 8. Rg1 Be7 9. Nxc6 bxc6 10. Qf3 Nd7 11. 0-0-0 Qa5 12. Qg3 Rb8 13. Bf4 e5 14. Bd2 Ba6 15. f4 Bxf1 16. Rgxf1 Qb4 17. b3 Bf6 18. Kb1 Qb6 19. Bc1 Qb4 20. f5 Be7 21. Ka1 Nc5 22. a3 Qa5 23. Rf3 Na6 24. h4 Bf8 25. g5 h5 26. Bb2 Qc7 27. Na4 Qa5 28. Rfd3 Nc5 29. b4 Qxa4 30. bxc5 Qxc2 31. Bxe5 Qxc5 32. Rxd6 Rc8 33. g6 Qc4 34. gxf7+ Qxf7 35. Re6+ Be7 36. Bd6 Rd8 37. Rxe7+ Qxe7 38. Bxe7 Rxd1+ 39. Kb2 Kd7 40. Qxg7 Rb8+ 41. Bb4+ Kc8 42. f6 1-0